Las obligaciones contenido y requisitos de la prestación
Saved in:
| 主要作者: | |
|---|---|
| 其他作者: | |
| 格式: | 圖書 |
| 出版: |
Bogotá, Colombia:
Universidad Externado de Colombia,
2011.
|
| 版: | Nueva edición corregida. |
| 主題: | |
| 標簽: |
添加標簽
沒有標簽, 成為第一個標記此記錄!
|
MARC
| LEADER | 00000nam a2200000 a 4500 | ||
|---|---|---|---|
| 001 | UCR1044 | ||
| 003 | CL-VaPUC | ||
| 005 | 20220822114522.0 | ||
| 008 | 220624t2011 ||||| |||| 00| 0 eng d | ||
| 999 | |c 436331 |d 436329 | ||
| 020 | |a 978-958-710-680-0 | ||
| 040 | |c Pontificia Universidad Católica de Valparaíso | ||
| 082 | 0 | 4 | |a 340.54 GRO 2011 |2 21 |
| 100 | |a Grosso, Giuseppe |e autor |9 399136 | ||
| 245 | |a Las obligaciones contenido y requisitos de la prestación | ||
| 250 | |a Nueva edición corregida. | ||
| 260 | |a Bogotá, Colombia: |b Universidad Externado de Colombia, |c 2011. | ||
| 300 | |a 156 páginas. | ||
| 500 | |a c.1 Donación Familia Prof. Alejandro Guzmán Brito. | ||
| 583 | |a last modification |c 19971205 00:00:00 |k Cristina María Rojas Aguilar | ||
| 650 | 0 | |a Derecho romano |9 255930 | |
| 650 | 0 | |a Obligaciones |9 255578 | |
| 650 | 0 | |a Derecho contractual |9 373875 | |
| 650 | 0 | |a Prestaciones |9 385168 | |
| 700 | |a Hinestrosa, Fernando |e traductor |9 484842 | ||
| 942 | |c BK |2 ddc |n 0 | ||
| 952 | |0 0 |1 0 |2 ddc |4 0 |6 340_540000000000000_GRO_2011 |7 1 |8 C_AGB |9 584037 |a BIBDER |b BIBDER |d 2022-06-24 |e Donación |i 5652105 |o 340.54 GRO 2011 |p 5652105 |r 2023-01-25 |t 1 |w 2022-06-24 |y BK_US |k AGB | ||